English-Konkani-Hindi utraval (Record no. 99301)

MARC details
000 -LEADER
fixed length control field 00597nam a2200193Ia 4500
003 - CONTROL NUMBER IDENTIFIER
control field OSt
005 - DATE AND TIME OF LATEST TRANSACTION
control field 20260220094829.0
008 - FIXED-LENGTH DATA ELEMENTS--GENERAL INFORMATION
fixed length control field 210210b1990 xxu||||| |||| 00| 0 eng d
040 ## - CATALOGING SOURCE
Transcribing agency AL
041 ## - LANGUAGE CODE
Language code of text/sound track or separate title Konkani/Devnagari
082 ## - DEWEY DECIMAL CLASSIFICATION NUMBER
Classification number 413 KENI
100 ## - MAIN ENTRY--PERSONAL NAME
Personal name Keni (Chandrakant)
9 (RLIN) 75258
Dates associated with a name चंद्रकांत केणी
245 ## - TITLE STATEMENT
Title English-Konkani-Hindi utraval
Remainder of title इंग्लीश–कोंकणी–हिन्दी उतरावळ
260 ## - PUBLICATION, DISTRIBUTION, ETC.
Place of publication, distribution, etc. Goa.
Name of publisher, distributor, etc. Goa Konkani Akademi.,
Date of publication, distribution, etc. 1990
300 ## - PHYSICAL DESCRIPTION
Extent 183
690 ## - LOCAL SUBJECT ADDED ENTRY--TOPICAL TERM (OCLC, RLIN)
Topical term or geographic name as entry element Dictionaries
9 (RLIN) 75259
906 ## - LOCAL DATA ELEMENT F, LDF (RLIN)
a 050532
942 ## - ADDED ENTRY ELEMENTS (KOHA)
Source of classification or shelving scheme Dewey Decimal Classification
Koha item type Book
Holdings
Withdrawn status Lost status Source of classification or shelving scheme Damaged status Not for loan Collection code Home library Current library Shelving location Date acquired Cost, normal purchase price Total Checkouts Full call number Barcode Date last seen Price effective from Koha item type
    Dewey Decimal Classification     Konkani St Aloysius Library St Aloysius Library   02/17/2021 25.00   413 KENI 050532 02/17/2021 02/17/2021 Book
    Dewey Decimal Classification     Konkani St Aloysius Library St Aloysius Library   02/17/2021 25.00   413 KENI 050531 02/17/2021 02/17/2021 Book